[Event "CZE-ch Open 2018"]
[Site "Ostrava"]
[Date "2018.04.29"]
[Round "2"]
[White "Velicka, Petr"]
[Black "Riha, Vojtech"]
[Result "1-0"]
[WhiteElo "2412"]
[BlackElo "2141"]
[Annotator "TA"]
[PlyCount "105"]
[EventDate "2018.??.??"]
[EventCountry "CZE"]
[SourceTitle "playchess.com"]
[Source "ChessBase"]
[SourceQuality "1"]

{[%evp 17,105,59,54,50,81,91,92,85,115,105,95,81,86,88,85,54,58,42,67,68,69,66,101,65,107,102,129,131,154,159,210,205,305,300,216,123,114,104,116,113,117,114,134,104,181,178,168,107,285,309,367,324,310,241,222,236,209,210,225,240,218,218,340,349,339,317,349,314,301,306,468,455,492,477,485,451,514,435,626,627,935,953,928,909,2217,2108,29985,29985,6551,3087]} 1. Nf3 c5 2. c4 g6 3. d4 cxd4 4. Nxd4 Nf6 5. Nc3 Bg7 6. e4 d6 7. Be2 Nc6 8. Be3 O-O 9. O-O h5 {LiveBook: 3 Games. B38: Sicilian: Maroczy Bind with 5...Bg7 and 7...0-0} (9... Bd7 10. Nb3 a5 11. Nd2 Bc8 12. Rc1 Nd7 13. Nb3 a4 14. Nd4 Nxd4 15. Bxd4 Bxd4 16. Qxd4 Qb6 17. Qxb6 Nxb6 18. f4 Be6 {½-½ (31) Zherebukh,Y (2633)-Edouard,R (2612) Saint Louis 2018}) 10. h3 Bd7 11. Nc2 Rc8 {White is better.} 12. Qd2 $146 ({Predecessor:} 12. f4 Ne8 13. Qe1 f5 14. Bd3 e6 15. Rb1 Qf6 16. Bf2 a5 17. a3 Nc7 18. Bh4 {1-0 (67) Troost,J (2135)-Boutchon,G Belgium 1997}) 12... b6 13. Bh6 Ne5 14. Bxg7 Kxg7 15. Ne3 Bc6 16. f4 {[%cal Bf2f4,Bf4f5,Bf5f6][%mdl 32]} Ned7 17. Ned5 e6 18. Nxf6 Nxf6 19. Qe3 e5 20. Rad1 {fxe5 is the strong threat.} Qe7 21. f5 Rcd8 22. Rf2 Qb7 {[%cal Rf6e4]} 23. Rdf1 Nh7 (23... Nxe4 $16 24. Nxe4 Bxe4) 24. g4 ({Don't play} 24. f6+ $6 Kh8 $16) 24... h4 (24... Kh8 {was necessary.} 25. gxh5 gxh5) 25. f6+ $18 Kh8 26. Nd5 (26. Qh6 $18 {[%csl Gf6][%cal Rh6g7]} Rg8 27. Bd3 (27. Qxh4 Bxe4 28. g5 Bh1 $16)) 26... g5 $16 27. Bd3 Bd7 28. b4 Be6 29. a3 Rc8 30. a4 Qd7 (30... Rfe8 $16) 31. Ra1 $18 Rfe8 32. Ne7 (32. c5 $18) 32... Rc7 $2 {[#]} (32... Rb8 $16 {is a better defense.} 33. Kh2 Qc7) 33. c5 $1 {[%mdl 512]} Rb8 {[%cal Rd6c5]} (33... bxc5 34. Bb5) 34. Bb5 Qd8 {[%cal Rb6c5]} 35. Nc6 Rxc6 36. Bxc6 bxc5 37. b5 Qc7 38. Rd1 Rd8 39. Rfd2 Nxf6 (39... a6 $142 40. Rd3 Bc4) 40. Qxg5 Nh7 41. Qxh4 c4 42. Qg3 Kg8 43. Qe3 Qe7 (43... Qa5 $142 44. Rxd6 Rxd6 45. Rxd6 Qxa4) 44. a5 {[%cal Ba4a5,Ba5b6,Bb6b7][%mdl 32]} Nf8 45. b6 axb6 46. axb6 Ng6 47. Rb1 Nf4 (47... Qf8 $142 48. b7 Rb8) 48. b7 Rb8 49. Ra2 Qh4 50. Kh2 c3 51. Ra8 Qd8 52. Qa7 c2 53. Rc1 {Precision: White = 77%, Black = 36%.} (53. Qxb8 $142 Qxb8 54. Rxb8+ Kg7 55. Rc1) 1-0

[Event "CZE-ch Open 2018"]
[Site "Ostrava"]
[Date "2018.04.29"]
[Round "2"]
[White "Bures, Jaroslav"]
[Black "Vystrcil, Martin"]
[Result "1-0"]
[WhiteElo "2407"]
[BlackElo "2146"]
[Annotator "ChessBase"]
[PlyCount "73"]
[EventDate "2018.??.??"]
[EventCountry "CZE"]
[SourceTitle "playchess.com"]
[Source "ChessBase"]
[SourceQuality "1"]
[TimeControl "40/5400+30:900+30"]

1. e4 {[%emt 0:01:09]} Nf6 {[%emt 0:02:29]} 2. e5 {[%emt 0:01:23]} Nd5 {[%emt 0:00:09]} 3. d4 {[%emt 0:01:42]} d6 {[%emt 0:00:10]} 4. c4 {[%emt 0:01:19]} Nb6 {[%emt 0:00:06]} 5. exd6 {[%emt 0:00:57]} cxd6 {[%emt 0:00:06]} 6. Nc3 {[%emt 0:00:48]} g6 {[%emt 0:00:14]} 7. Be3 {[%emt 0:01:46]} Bg7 {[%emt 0:00:12]} 8. Rc1 {[%emt 0:00:55]} O-O {[%emt 0:00:27]} 9. b3 {[%emt 0:01:08]} e5 {[%emt 0:01:03]} 10. dxe5 {[%emt 0:01:39]} dxe5 {[%emt 0:00:03]} 11. Qxd8 {[%emt 0:00:45]} Rxd8 {[%emt 0:00:03]} 12. c5 {[%emt 0:00:05]} N6d7 {[%emt 0:00:12]} 13. Nf3 {[%emt 0:00:05]} Nc6 {[%emt 0:06:46]} 14. Bc4 {[%emt 0:00:04]} h6 {[%emt 0:00:25]} 15. Rd1 {[%emt 0:00:05]} Nf8 {[%emt 0:08:36]} 16. Rxd8 {[%emt 0:02:09]} Nxd8 {[%emt 0:01:39]} 17. Nd5 {[%emt 0:21:28]} Nfe6 {[%emt 0:34:59]} 18. b4 {[%emt 0:07:58]} Kh7 {[%emt 0:03:22]} 19. Nd2 {[%emt 0:07:16]} f5 {[%emt 0:04:51]} 20. Nb3 {[%emt 0:01:26]} e4 {[%emt 0:14:07]} 21. b5 {[%emt 0:23:29]} Nf7 {[%emt 0:04:00]} 22. f4 {[%emt 0:07:25]} exf3 {[%emt 0:01:42]} 23. gxf3 {[%emt 0:00:04]} Ne5 {[%emt 0:02:11]} 24. Be2 {[%emt 0:00:02]} Bd7 {[%emt 0:05:33]} 25. Kf2 {[%emt 0:03:32]} Rf8 {[%emt 0:02:08]} 26. Rd1 {[%emt 0:01:20]} f4 {[%emt 0:00:52]} 27. Bc1 {[%emt 0:00:07]} Ng5 {[%emt 0:04:11]} 28. Nxf4 {[%emt 0:03:22]} h5 {[%emt 0:02:45]} 29. h4 {[%emt 0:05:10]} Ne6 {[%emt 0:00:54]} 30. Rxd7 {[%emt 0:03:48]} Nxf4 {[%emt 0:00:04]} 31. Rxb7 {[%emt 0:00:28]} Nfd3+ {[%emt 0:00:59]} 32. Bxd3 {[%emt 0:01:37]} Rxf3+ {[%emt 0:00:35]} 33. Ke2 {[%emt 0:00:01]} Rxd3 {[%emt 0:00:11]} 34. Rxg7+ {[%emt 0:00:15]} Kxg7 {[%emt 0:00:12]} 35. Bb2 {[%emt 0:00:02]} Rd5 {[%emt 0:00:45]} 36. c6 {[%emt 0:00:59]} Rxb5 {[%emt 0:00:57]} 37. c7 {[%emt 0:00:11]} 1-0

[Event "CZE-ch Open 2018"]
[Site "Ostrava"]
[Date "2018.04.29"]
[Round "2"]
[White "Vokac, Marek"]
[Black "Malinovsky, Petr"]
[Result "1-0"]
[WhiteElo "2390"]
[BlackElo "2006"]
[Annotator "ChessBase"]
[PlyCount "74"]
[EventDate "2018.??.??"]
[EventCountry "CZE"]
[SourceTitle "playchess.com"]
[Source "ChessBase"]
[SourceQuality "1"]
[TimeControl "40/5400+30:900+30"]

1. c4 {[%emt 0:01:51]} e6 {[%emt 0:00:15]} 2. Nf3 {[%emt 0:00:09]} d5 {[%emt 0:00:05]} 3. g3 {[%emt 0:00:20]} c6 {[%emt 0:00:30]} 4. b3 {[%emt 0:00:13]} f5 {[%emt 0:01:19]} 5. Bg2 {[%emt 0:00:22]} Nf6 {[%emt 0:00:12]} 6. O-O {[%emt 0:01:06]} Bd6 {[%emt 0:03:31]} 7. Ba3 {[%emt 0:01:26]} c5 {[%emt 0:04:08]} 8. cxd5 {[%emt 0:01:13]} exd5 {[%emt 0:00:54]} 9. d4 {[%emt 0:00:15]} b6 {[%emt 0:01:20]} 10. dxc5 {[%emt 0:05:35]} bxc5 {[%emt 0:00:28]} 11. Nc3 {[%emt 0:00:05]} Bb7 {[%emt 0:02:18]} 12. Ng5 {[%emt 0:02:25]} Ne4 {[%emt 0:09:49]} 13. Ngxe4 {[%emt 0:06:09]} dxe4 {[%emt 0:00:56]} 14. Nb5 {[%emt 0:08:33]} Be7 {[%emt 0:10:27]} 15. Qxd8+ {[%emt 0:01:03]} Kxd8 {[%emt 0:00:17]} 16. Rfd1+ {[%emt 0:00:19]} Nd7 {[%emt 0:00:46]} 17. Rac1 {[%emt 0:04:44]} Bc6 {[%emt 0:03:14]} 18. Nd6 {[%emt 0:04:37]} Rf8 {[%emt 0:10:26]} 19. Bxc5 {[%emt 0:05:36]} Rf6 {[%emt 0:01:24]} 20. Ba3 {[%emt 0:03:11]} Bxd6 {[%emt 0:02:26]} 21. Bxd6 {[%emt 0:00:08]} Rc8 {[%emt 0:02:17]} 22. Bf4 {[%emt 0:06:17]} h6 {[%emt 0:04:17]} 23. Be3 {[%emt 0:02:51]} Bb5 {[%emt 0:01:49]} 24. Bf1 {[%emt 0:02:01]} Rxc1 {[%emt 0:03:19]} 25. Rxc1 {[%emt 0:00:56]} a6 {[%emt 0:04:19]} 26. a4 {[%emt 0:04:53]} Bc6 {[%emt 0:00:25]} 27. Bd4 {[%emt 0:00:03]} Rg6 {[%emt 0:00:34]} 28. e3 {[%emt 0:01:00]} Bb7 {[%emt 0:00:47]} 29. h4 {[%emt 0:03:25]} Re6 {[%emt 0:01:38]} 30. Bxg7 {[%emt 0:01:55]} Ne5 {[%emt 0:00:20]} 31. Bxe5 {[%emt 0:02:22]} Rxe5 {[%emt 0:00:04]} 32. b4 {[%emt 0:00:14]} Rd5 {[%emt 0:02:46]} 33. Be2 {[%emt 0:00:29]} Kd7 {[%emt 0:01:27]} 34. Kf1 {[%emt 0:01:30]} Bc6 {[%emt 0:01:36]} 35. Rd1 {[%emt 0:01:06]} Kd6 {[%emt 0:01:45]} 36. Rxd5+ {[%emt 0:00:21]} Kxd5 {[%emt 0:00:07]} 37. a5 {[%emt 0:00:33]} Ba4 {[%emt 0:01:19]} 1-0

[Event "CZE-ch Open 2018"]
[Site "Ostrava"]
[Date "2018.04.29"]
[Round "2"]
[White "Jasny, Stanislav"]
[Black "Skalsky, Alexandr"]
[Result "1-0"]
[WhiteElo "2379"]
[BlackElo "2207"]
[Annotator "ChessBase"]
[PlyCount "69"]
[EventDate "2018.??.??"]
[EventCountry "CZE"]
[SourceTitle "playchess.com"]
[Source "ChessBase"]
[SourceQuality "1"]
[TimeControl "40/5400+30:900+30"]

1. d4 {[%emt 0:00:00]} Nf6 {[%emt 0:00:07]} 2. c4 {[%emt 0:00:00]} g6 {[%emt 0:00:02]} 3. f3 {[%emt 0:00:23]} d5 {[%emt 0:00:28]} 4. cxd5 {[%emt 0:00:09]} Nxd5 {[%emt 0:00:03]} 5. e4 {[%emt 0:00:10]} Nb6 {[%emt 0:00:11]} 6. Nc3 {[%emt 0:00:33]} Bg7 {[%emt 0:01:04]} 7. Be3 {[%emt 0:00:18]} O-O {[%emt 0:02:15]} 8. Qd2 {[%emt 0:00:13]} e5 {[%emt 0:01:00]} 9. d5 {[%emt 0:00:11]} c6 {[%emt 0:00:15]} 10. Rd1 {[%emt 0:01:26]} cxd5 {[%emt 0:15:28]} 11. exd5 {[%emt 0:00:07]} N8d7 {[%emt 0:01:28]} 12. Nh3 {[%emt 0:00:36]} e4 {[%emt 0:14:40]} 13. fxe4 {[%emt 0:05:44]} Ne5 {[%emt 0:00:30]} 14. Nf2 {[%emt 0:07:59]} Re8 {[%emt 0:20:20]} 15. Be2 {[%emt 0:14:28]} f5 {[%emt 0:13:42]} 16. O-O {[%emt 0:06:01]} fxe4 {[%emt 0:11:23]} 17. Bg5 {[%emt 0:04:27]} Nbc4 {[%emt 0:05:20]} 18. Qc1 {[%emt 0:10:08]} Qb6 {[%emt 0:02:37]} 19. Ncxe4 {[%emt 0:20:40]} Bf5 {[%emt 0:00:33]} 20. b3 {[%emt 0:08:32]} Nb2 {[%emt 0:04:12]} 21. Be3 {[%emt 0:01:17]} Qd8 {[%emt 0:02:01]} 22. Rd2 {[%emt 0:02:05]} Bxe4 {[%emt 0:01:24]} 23. Nxe4 {[%emt 0:00:30]} Qh4 {[%emt 0:00:21]} 24. Rf4 Qd8 {[%emt 0:01:15]} 25. Rxb2 {[%emt 0:02:48]} g5 {[%emt 0:01:09]} 26. Rf1 {[%emt 0:01:24]} Ng6 27. Bd3 {[%emt 0:05:18]} Ne5 {[%emt 0:01:39]} 28. Bb5 {[%emt 0:00:38]} Qxd5 {[%emt 0:00:26]} 29. Bxe8 {[%emt 0:01:09]} Qxe4 {[%emt 0:00:10]} 30. Bb5 {[%emt 0:01:38]} Ng4 {[%emt 0:00:53]} 31. Qc4+ {[%emt 0:00:40]} Qxc4 {[%emt 0:00:10]} 32. Bxc4+ {[%emt 0:00:05]} Kh8 {[%emt 0:00:04]} 33. Bc1 {[%emt 0:00:36]} Bd4+ {[%emt 0:01:08]} 34. Kh1 {[%emt 0:00:22]} Re8 {[%emt 0:00:30]} 35. Rd2 {[%emt 0:01:09]} 1-0

[Event "CZE-ch Open 2018"]
[Site "Ostrava"]
[Date "2018.04.29"]
[Round "2"]
[White "Simek, Petr"]
[Black "Cernousek, Lukas"]
[Result "1/2-1/2"]
[WhiteElo "2378"]
[BlackElo "2464"]
[Annotator "TA"]
[PlyCount "118"]
[EventDate "2018.??.??"]
[EventCountry "CZE"]
[SourceTitle "playchess.com"]
[Source "ChessBase"]
[SourceQuality "1"]

{[%evp 13,118,18,48,0,0,-13,-1,-35,-36,-39,-47,-89,-84,-129,-123,-135,-118,-179,-169,-179,-118,-114,-116,-104,-98,-90,-90,-90,-118,-120,-111,-137,-139,-132,-100,-108,-90,-81,-37,-140,-62,-94,-96,-96,-94,-104,-88,-109,-99,-100,-75,-115,-75,-65,-12,-14,0,-15,-15,-17,0,0,0,0,0,0,0,0,0,0,0,-8,-8,-8,-8,-29,-28,-39,0,0,0,0,0,0,0,0,0,0,0,0,0,0,0,0,0,0,0,0,0,0,0,0,0,0,0,0,0]} 1. d4 f5 2. g3 Nf6 3. Bg2 g6 4. Nf3 {[%cal Bg1f3,Bf3e1,Be1d3][%mdl 32]} Bg7 5. O-O O-O 6. c4 d6 7. Nc3 Qe8 {LiveBook: 2739 Games} 8. Ne1 {A87: Dutch Defence: Leningrad System: 5 Nf3} (8. d5 Na6 9. Be3 Bd7 10. Rc1 Ng4 11. Bd2 c6 12. h3 Nf6 13. Be3 Kh8 14. Qd2 Nc5 15. Bh6 Nce4 16. Bxg7+ Kxg7 17. Nxe4 Nxe4 {½-½ (74) Erdos,V (2628)-Duda,J (2707) Linares 2017}) 8... e5 9. dxe5 dxe5 10. Nd3 e4 $146 ({Predecessor:} 10... c6 11. Qc2 e4 12. Ne1 Nbd7 {0-1 (47) De Marchi,A (1570)-Litrico,P (1691) Padova 2006}) 11. Nb4 c6 12. Bf4 Qf7 13. c5 Be6 14. Qa4 Nbd7 15. Bd6 (15. Qa3 $17 {is a better defense.}) 15... Rfd8 $19 16. Rad1 Bf8 ({Black should play} 16... Ne8 $19 17. Nc2 Bxc3 18. bxc3 Bxa2) 17. Qa5 $17 Ne8 18. Bxf8 Qxf8 19. Nc2 Qxc5 20. Qxc5 Nxc5 21. b4 Nd7 22. f3 exf3 23. exf3 Nb6 24. Rfe1 {Threatens to win with Rxd8.} Kf7 25. Nd4 Bd5 26. f4 {[#]} (26. a4 $15) 26... Nf6 (26... Bxg2 $1 $17 27. Kxg2 Nc4) 27. Nf3 Bxf3 28. Bxf3 a6 29. a4 Rac8 30. Kf2 Rxd1 31. Rxd1 Ke7 32. h3 h5 33. a5 Nc4 (33... Nbd7 $15) 34. Na4 $11 Rd8 35. Re1+ Kf7 36. Nc5 Rd2+ 37. Re2 Rxe2+ 38. Kxe2 {[%mdl 4096] Endgame KBN-KNN} Nd6 39. Kd3 Ke7 40. Kd4 Nd7 41. Be2 Nxc5 42. bxc5 {KB-KN} Ne4 43. g4 Ng3 44. Bf3 fxg4 45. hxg4 Kf6 46. Kd3 {The position is equal.} h4 {Black wants to play ...h3.} 47. Bg2 g5 48. f5 $1 Ke5 {...h3! is the strong threat.} 49. Ke3 {[#]} h3 $1 {[%mdl 512]} 50. Bf3 $1 {[#]} (50. Bxh3 Ne4) 50... Nxf5+ $1 {[%mdl 512]} 51. gxf5 Kxf5 {KB-KP} 52. Be4+ Ke5 53. Bf3 h2 54. Be4 g4 55. Bg2 Kf5 56. Be4+ Kg5 57. Bg2 Kf5 58. Be4+ Ke5 59. Bg2 Kf5 {Precision: White = 62%, Black = 47%.} 1/2-1/2

[Event "CZE-ch Open 2018"]
[Site "Ostrava"]
[Date "2018.04.29"]
[Round "2"]
[White "Voloshin, Leonid"]
[Black "Jansa, Vlastimil"]
[Result "1/2-1/2"]
[WhiteElo "2370"]
[BlackElo "2450"]
[Annotator "TA"]
[PlyCount "30"]
[EventDate "2018.??.??"]
[EventCountry "CZE"]
[SourceTitle "playchess.com"]
[Source "ChessBase"]
[SourceQuality "1"]

{[%evp 28,30,0,0,0]} 1. c4 g6 2. Nc3 c5 3. g3 Bg7 4. Bg2 Nc6 5. Nf3 e5 6. O-O d6 7. d3 Nge7 8. a3 O-O 9. Rb1 a5 10. Bd2 Rb8 11. Qc1 Be6 12. Ng5 $146 ({Predecessor:} 12. Bh6 b6 13. Bxg7 Kxg7 14. Ng5 Qd7 15. Nxe6+ fxe6 16. f4 exf4 17. Rxf4 Rxf4 18. Qxf4 Rf8 19. Qe4 {1-0 (49) Dzagnidze,N (2522)-Pustovoitova,D (2390) Riadh 2017}) 12... Bc8 13. Nf3 Be6 14. Ng5 Bc8 15. Nf3 {LiveBook: 44 Games} Be6 {A37: Symmetrical English vs ...g6: 4 Bg2 Bg7 5 Nf3} 1/2-1/2

[Event "CZE-ch Open 2018"]
[Site "Ostrava"]
[Date "2018.04.29"]
[Round "2"]
[White "Rubes, Jan"]
[Black "Neuman, Petr"]
[Result "1/2-1/2"]
[WhiteElo "2337"]
[BlackElo "2443"]
[Annotator "TA"]
[PlyCount "35"]
[EventDate "2018.??.??"]
[EventCountry "CZE"]
[SourceTitle "playchess.com"]
[Source "ChessBase"]
[SourceQuality "1"]

{[%evp 18,20,0,0,30]} 1. e4 c6 2. Nc3 d5 3. Nf3 dxe4 4. Nxe4 Nf6 5. Nxf6+ exf6 6. d4 Bd6 7. Be2 O-O 8. O-O Nd7 9. c4 Re8 10. Be3 f5 {B15: Caro-Kann: 3 Nc3: 3...g6 and 3...dxe4 4 Nxe4 Nf6 5 Nxf6+ exf6} (10... Nf8 11. Qd2 f5 12. Rfe1 Ng6 13. d5 c5 14. Qd3 Nh4 15. Bd2 f4 16. Nxh4 Qxh4 17. Bf3 Bd7 18. Bc3 {½-½ (34) Zachary,M (2147)-Valuet,B (2288) Cappelle-la-Grande 2017}) {Predecessor:} 11. Re1 $146 Qc7 12. Bd3 Nf8 13. Qc2 g6 14. Bd2 Be6 15. Rac1 f6 16. Qb1 Bf4 17. d5 Bxd2 18. Nxd2 {½-½ (57) Laarhoven,T (2107)-Heinen,I Maastricht 2007} 1/2-1/2

[Event "CZE-ch Open 2018"]
[Site "Ostrava"]
[Date "2018.04.29"]
[Round "2"]
[White "Obsivac, Josef"]
[Black "Bartos, Jan"]
[Result "1/2-1/2"]
[WhiteElo "2330"]
[BlackElo "2198"]
[Annotator "ChessBase"]
[PlyCount "30"]
[EventDate "2018.??.??"]
[EventCountry "CZE"]
[SourceTitle "playchess.com"]
[Source "ChessBase"]
[SourceQuality "1"]
[TimeControl "40/5400+30:900+30"]

1. d4 {[%emt 0:02:51]} Nf6 {[%emt 0:00:07]} 2. c4 {[%emt 0:00:09]} e6 {[%emt 0:00:04]} 3. Nf3 {[%emt 0:00:09]} d5 {[%emt 0:00:07]} 4. Nc3 {[%emt 0:02:38]} dxc4 {[%emt 0:00:41]} 5. e3 {[%emt 0:00:42]} a6 {[%emt 0:00:08]} 6. a4 {[%emt 0:01:47]} c5 {[%emt 0:00:25]} 7. Bxc4 {[%emt 0:00:42]} Nc6 {[%emt 0:00:10]} 8. O-O {[%emt 0:01:44]} Be7 {[%emt 0:00:45]} 9. dxc5 {[%emt 0:09:43]} Qxd1 {[%emt 0:00:54]} 10. Rxd1 {[%emt 0:00:02]} Bxc5 {[%emt 0:00:08]} 11. h3 {[%emt 0:00:55]} b6 {[%emt 0:01:48]} 12. Bd2 {[%emt 0:09:33]} Bb7 {[%emt 0:03:05]} 13. Rac1 {[%emt 0:04:10]} O-O {[%emt 0:04:15]} 14. Kf1 {[%emt 0:13:38]} Rfd8 {[%emt 0:04:35]} 15. Be1 {[%emt 0:00:53]} Kf8 {[%emt 0:00:40]} 1/2-1/2

[Event "CZE-ch Open 2018"]
[Site "Ostrava"]
[Date "2018.04.29"]
[Round "2"]
[White "Mrazek, Lumir"]
[Black "Simacek, Pavel"]
[Result "0-1"]
[WhiteElo "2327"]
[BlackElo "2498"]
[Annotator "TA"]
[PlyCount "60"]
[EventDate "2018.??.??"]
[EventCountry "CZE"]
[SourceTitle "playchess.com"]
[Source "ChessBase"]
[SourceQuality "1"]

{[%evp 10,60,47,53,58,47,48,42,46,45,35,41,56,54,77,37,43,10,18,21,60,-47,0,-34,-29,-26,-29,-48,-48,-58,0,-47,-31,-60,-59,-88,-90,-82,-75,-83,-76,-83,-12,-4,8,0,18,-261,-248,-449,-368,-528,-535]} 1. e4 e5 2. Nc3 d6 3. d4 (3. f4 exf4 4. Nf3 Ne7 5. d4 Ng6 6. Bd3 Be7 7. O-O Nd7 8. Nd5 Ndf8 9. Qe1 Ne6 10. Nxe7 Qxe7 11. h4 {0-1 (58) Rapport,R (2752)-Jobava,B (2665) Baku 2016}) 3... exd4 4. Qxd4 Nc6 5. Bb5 Bd7 6. Bxc6 {LiveBook: 5 Games. C25: Vienna Game: Alternatives to 2...Nf6} Bxc6 7. Nge2 $146 ({Predecessor:} 7. Nf3 Nf6 8. Bg5 Be7 9. O-O-O O-O 10. Rhe1 Nd7 11. Bf4 Bf6 12. Qd2 Re8 13. Nd4 Ne5 14. Bg3 Nc4 15. Qd3 Bxd4 16. Qxd4 b5 17. b3 Nb6 18. f4 a5 {0-1 (34) Runic,Z (2445)-Jevtic,M (2350) Jahorina 2000}) 7... Nf6 8. Bf4 {White is slightly better.} Be7 9. O-O-O O-O 10. f3 Nd7 11. g4 a5 {[%cal Ba7a5,Ba5a4,Ba4a3][%mdl 32]} 12. Ng3 Bg5 13. Qe3 Bxf4 14. Qxf4 a4 15. g5 (15. a3 $14) 15... a3 {Strongly threatening ...axb2+.} 16. b3 f6 $1 $36 {[%mdl 2048] Black has the initiative.} 17. gxf6 Qxf6 18. Qxf6 Rxf6 19. Nf5 Ne5 (19... Rxf5 $15 20. exf5 Bxf3) 20. Rhf1 (20. Rhg1 $5 {[%cal Rg1g7]} Kh8 21. Rg3 $11) 20... Re8 21. Nb1 Bd7 22. Nxa3 Bxf5 23. exf5 Rxf5 24. Nb5 Re7 25. Rde1 Ref7 {[#]} (25... g5 $17) 26. f4 $1 $11 {[%mdl 512]} g5 (26... Rxf4 27. Rxf4) 27. Nxc7 $1 gxf4 28. Ne8 $2 {[%mdl 8192]} (28. Nb5 $11 {and White has nothing to worry.} Rd7 29. Nd4) 28... Rd7 $19 29. Rd1 $2 (29. Re4 {only move.} f3 30. Rd4) 29... d5 30. Rfe1 (30. Rd4 {might work better.} f3 31. Ra4) 30... Kf7 {Precision: White = 33%, Black = 43%.} 0-1

[Event "CZE-ch Open 2018"]
[Site "Ostrava"]
[Date "2018.04.29"]
[Round "2"]
[White "Cerveny, Petr"]
[Black "Zwardon, Vojtech"]
[Result "0-1"]
[WhiteElo "2315"]
[BlackElo "2409"]
[Annotator "ChessBase"]
[PlyCount "126"]
[EventDate "2018.??.??"]
[EventCountry "CZE"]
[SourceTitle "playchess.com"]
[Source "ChessBase"]
[SourceQuality "1"]
[TimeControl "40/5400+30:900+30"]

1. e4 {[%emt 0:00:00]} c5 {[%emt 0:00:04]} 2. Nf3 {[%emt 0:00:00]} Nc6 {[%emt 0:00:21]} 3. d4 {[%emt 0:00:00]} cxd4 {[%emt 0:00:02]} 4. Nxd4 {[%emt 0:00:00]} e5 {[%emt 0:00:41]} 5. Nb5 {[%emt 0:00:04]} a6 {[%emt 0:00:11]} 6. Nd6+ {[%emt 0:00:16]} Bxd6 {[%emt 0:00:06]} 7. Qxd6 {[%emt 0:00:13]} Qe7 {[%emt 0:00:08]} 8. Qxe7+ {[%emt 0:00:27]} Ngxe7 {[%emt 0:00:06]} 9. c4 {[%emt 0:00:29]} d6 {[%emt 0:05:26]} 10. Nc3 {[%emt 0:00:38]} f5 {[%emt 0:12:33]} 11. b3 {[%emt 0:11:22]} Nb4 {[%emt 0:01:09]} 12. Kd1 {[%emt 0:04:51]} O-O {[%emt 0:01:32]} 13. Nd5 {[%emt 0:08:05]} Nbc6 {[%emt 0:04:49]} 14. Nb6 {[%emt 0:17:40]} Rb8 {[%emt 0:01:04]} 15. Nxc8 {[%emt 0:01:01]} Rbxc8 {[%emt 0:00:27]} 16. exf5 {[%emt 0:00:09]} d5 {[%emt 0:05:22]} 17. cxd5 {[%emt 0:05:24]} Rfd8 {[%emt 0:00:25]} 18. Bd2 {[%emt 0:10:33]} Nxd5 {[%emt 0:00:55]} 19. Rc1 {[%emt 0:02:56]} b5 {[%emt 0:01:24]} 20. Ke1 {[%emt 0:13:29]} Ncb4 {[%emt 0:10:27]} 21. Rxc8 {[%emt 0:04:30]} Rxc8 {[%emt 0:00:07]} 22. a4 {[%emt 0:11:47]} Nc2+ {[%emt 0:00:52]} 23. Kd1 {[%emt 0:00:16]} Nd4 {[%emt 0:00:10]} 24. g3 {[%emt 0:03:01]} Nc3+ {[%emt 0:05:53]} 25. Bxc3 {[%emt 0:00:26]} Rxc3 {[%emt 0:00:02]} 26. axb5 {[%emt 0:00:30]} axb5 {[%emt 0:00:07]} 27. Bg2 {[%emt 0:00:15]} Kf7 {[%emt 0:01:18]} 28. b4 {[%emt 0:02:23]} Rc2 {[%emt 0:01:43]} 29. Rf1 {[%emt 0:00:02]} Kf6 {[%emt 0:01:31]} 30. g4 {[%emt 0:00:12]} Kg5 {[%emt 0:01:40]} 31. h3 {[%emt 0:00:25]} Ra2 {[%emt 0:02:05]} 32. Re1 {[%emt 0:01:59]} Rxf2 {[%emt 0:00:25]} 33. Bd5 {[%emt 0:00:30]} Kf6 {[%emt 0:00:15]} 34. Re3 {[%emt 0:00:59]} Rf4 {[%emt 0:02:34]} 35. Ra3 {[%emt 0:01:09]} Nxf5 {[%emt 0:00:17]} 36. Ra6+ {[%emt 0:00:52]} Kg5 {[%emt 0:03:39]} 37. gxf5 {[%emt 0:00:14]} Rd4+ {[%emt 0:00:07]} 38. Ke2 {[%emt 0:00:05]} Rxd5 {[%emt 0:00:04]} 39. Ra7 {[%emt 0:00:05]} Kf6 {[%emt 0:00:54]} 40. Rb7 {[%emt 0:00:33]} h5 {[%emt 0:21:04]} 41. Ke3 {[%emt 0:00:00]} h4 {[%emt 0:00:00]} 42. Kf3 {[%emt 0:00:00]} Rd3+ {[%emt 0:00:00]} 43. Kg2 {[%emt 0:00:00]} Rg3+ {[%emt 0:00:00]} 44. Kh2 {[%emt 0:00:00]} e4 {[%emt 0:00:00]} 45. Rxb5 {[%emt 0:00:00]} Rb3 {[%emt 0:00:00]} 46. Kg2 {[%emt 0:00:00]} Rb2+ {[%emt 0:00:00]} 47. Kg1 {[%emt 0:00:00]} e3 {[%emt 0:00:00]} 48. Kf1 {[%emt 0:00:25]} Kg5 {[%emt 0:00:00]} 49. f6+ {[%emt 0:02:59]} Kxf6 {[%emt 0:00:00]} 50. Rb8 {[%emt 0:00:16]} Kf5 {[%emt 0:00:00]} 51. b5 {[%emt 0:03:26]} Kf4 {[%emt 0:00:00]} 52. b6 {[%emt 0:04:11]} Kg3 {[%emt 0:00:00]} 53. Rg8 {[%emt 0:05:00]} Rf2+ {[%emt 0:00:00]} 54. Kg1 {[%emt 0:00:59]} Rf7 {[%emt 0:00:00]} 55. Re8 {[%emt 0:02:21]} Kf3 {[%emt 0:00:00]} 56. Kf1 {[%emt 0:00:17]} g5 {[%emt 0:00:00]} 57. Re5 {[%emt 0:00:47]} g4 {[%emt 0:00:00]} 58. hxg4 {[%emt 0:03:36]} h3 {[%emt 0:00:00]} 59. Kg1 {[%emt 0:00:57]} e2 {[%emt 0:00:00]} 60. g5 {[%emt 0:01:18]} Rb7 {[%emt 0:00:00]} 61. Kh2 {[%emt 0:00:36]} Rxb6 {[%emt 0:00:00]} 62. Kxh3 {[%emt 0:00:24]} Rb8 {[%emt 0:00:00]} 63. Kh2 {[%emt 0:00:23]} Rb1 {[%emt 0:01:57]} 0-1